000
00399nam a2200133Ia 4500
008
151001s9999||||xx |||||||||||||| ||und||
100
_a
गौरी शंकर असावा
245
_a
कुम्भलगढ अजेय-दुर्ग
250
_a
1
260
_b
राजस्थानी ग्रंथागार
260
_c
2008
300
_a
48
365
_b
21
999
_c
992866
_d
992863